000 00818cam a22002291 4500
001 f 01002157
003 DLC
005 20260227111242.0
008 850410s1893 fr acf 000 0 fre
010 _af 01002157
035 _a(OCoLC)23429674
040 _aDLC
_cMiU
_dDLC
042 _apremarc
050 0 0 _aDC33.5
_b.B65
100 1 _aBouchot, Henri,
_d1849-1906.
245 1 3 _aLe luxe français.
_bLa restauration,
_cpar Henri Bouchot; illustration documentaire d'après les originaux de l'époque.
260 _aParis,
_bLibrairie illustrée
_c[1893]
300 _a4 p. L., 324 p., 1 L.
_bfront., illus., plates (partly col., 1 double) ports.
_c30 cm.
500 _aAn ed of 1,000 copies on "papier vélin."
651 0 _aFrance
_xSocial life and customs
651 0 _aFrance
_xHistory
_yRestoration, 1814-1830
999 _c22733
_d22733